000 00391nam a2200145Ia 4500
008 230312s9999||||xx |||||||||||||| ||und||
082 _a658.15
_bINS
100 _aInstitute of Bankers Pakistan
245 0 _aFinancial Management
260 _bBankers Pakistan
_aKarachi
_c2003
300 _a210
546 _aEng.
650 _aManagement
_vbusiness tax and financial environments
942 _cBK
999 _c876
_d876